Successful organizational learning in the management of agricultural research and innovation : (Record no. 18791)

000 -LEADER
fixed length control field 00943cam a22002174a 4500
020 ## - INTERNATIONAL STANDARD BOOK NUMBER
ISBN 9780896291713 (alk. paper)
020 ## - INTERNATIONAL STANDARD BOOK NUMBER
ISBN 0896291715 (alk. paper)
040 ## - CATALOGING SOURCE
Transcribing agency DLC
082 00 - DEWEY DECIMAL CLASSIFICATION NUMBER
Classification number 338 INT 2009 C152 Or.
245 00 - TITLE STATEMENT
Title Successful organizational learning in the management of agricultural research and innovation :
Remainder of title the Mexican produce foundations /
246 30 - VARYING FORM OF TITLE
Title proper/short title Mexican produce foundations
260 ## - PUBLICATION, DISTRIBUTION, ETC. (IMPRINT)
Place of publication Washington, D.C. :
Name of publisher International Food Policy Research Institute,
Year of publication c2009.
300 ## - PHYSICAL DESCRIPTION
Number of Pages xvi, 135 p. ;
Dimensions 26 cm.
490 1# - SERIES STATEMENT
Series statement IFPRI research report ;
650 #0 - SUBJECT ADDED ENTRY--TOPICAL TERM
Topical Term Agriculture
650 #0 - SUBJECT ADDED ENTRY--TOPICAL TERM
Topical Term Agricultural innovations
650 #0 - SUBJECT ADDED ENTRY--TOPICAL TERM
Topical Term Organizational learning.
700 1# - ADDED ENTRY--PERSONAL NAME
Personal name Ekboir, Javier.
710 2# - ADDED ENTRY--CORPORATE NAME
Corporate name or jurisdiction name as entry element International Food Policy Research Institute.
942 ## - ADDED ENTRY ELEMENTS (KOHA)
Koha item type ADB
952 ## - LOCATION AND ITEM INFORMATION (KOHA)
Withdrawn status [LOCAL, KOHA] 0
Holdings
Koha item type Source of acquisition Lost status Permanent Location Current Location Date acquired Full call number
សៀវភៅភាសាអង់គ្លេសA38356 Library Block CLibrary Block C2020-01-27338 INT 2009 C152 Or.
មជ្ឈមណ្ឌលឯការនៃសាកលវិទ្យាល័យភូមិន្ទកសិកម្មចំការដូង

Powered by Koha